Match the town to the island - Statistics

General Stats
  • This quiz has been taken 41 times
  • The average score is 9 of 15
Answer Stats
Hint Explanation Answer % Correct
Nottingham UK Great Britain
100%
Kagoshima Japan Kyushu
100%
Davao City Philippines Mindanao
86%
Cienfuegos Cuba Cuba
72%
Nukuʻalofa Tonga Tongatapu
72%
Suva Fiji Viti Levu
69%
Praia Cape Verde Ilha de Santiago
56%
Hempstead USA Long Island
56%
Cambridge Bay Canada Victoria Island
56%
Port-de-Paix Haiti Hispaniola
53%
Palikir Micronesia Pohnpei
44%
Codrington Antigua and Barbuda Barbuda
42%
Fianarantsoa Madagascar Madagascar
42%
Scarborough Trinidad and Tobago Tobago
31%
Victoria The Seychelles Mahé
22%
No matching quizzes found
Score Distribution
Percent of People with Each Score
Percentile by Number Answered
Your Score History
You have not taken this quiz